[Event "ch-CHN w 2012"]
[Site "Xinghua CHN"]
[Date "2012.04.05"]
[Round "9"]
[White "Ju, Wenjun"]
[Black "Wang, Doudou"]
[Result "1-0"]
[WhiteTitle "WGM"]
[WhiteElo "2557"]
[BlackElo "2186"]
[WhiteFideId "8603006"]
[BlackFideId "8603197"]
[EventDate "2012.03.27"]

1. Nf3 c5 2. c4 Nc6 3. d4 cxd4 4. Nxd4 Nf6 5. Nc3 g6 6. g3 Bg7 7. Bg2 Nxd4 8.
Qxd4 O-O 9. O-O d6 10. Qh4 a6 11. Bg5 Re8 12. Rac1 Qa5 13. Rc2 Rb8 14. Nd5 Nxd5
15. cxd5 f6 16. Bh6 Qxa2 17. Bxg7 Kxg7 18. Qb4 Bd7 19. Rc7 Qa4 20. Qxa4 Bxa4 21.
Rfc1 Kf8 22. e4 Bb5 23. Bh3 Red8 24. Be6 Ke8 25. f4 Bd7 26. f5 b6 27. Kf2 a5 28.
Ke3 Bb5 29. h4 Bd7 30. g4 Bxe6 31. dxe6 Kf8 32. Kd4 b5 33. g5 gxf5 34. gxf6 Re8
35. f7 1-0

[Event "ch-CHN w 2012"]
[Site "Xinghua CHN"]
[Date "2012.04.06"]
[Round "10"]
[White "Wang, Yu A."]
[Black "Wang, Doudou"]
[Result "1-0"]
[WhiteTitle "IM"]
[WhiteElo "2372"]
[BlackElo "2186"]
[WhiteFideId "8601097"]
[BlackFideId "8603197"]
[EventDate "2012.03.27"]

1. e4 e5 2. Nc3 Nc6 3. Bc4 Nf6 4. d3 Bc5 5. Bg5 h6 6. Bh4 d6 7. Na4 a6 8. Nxc5
dxc5 9. a3 Qd6 10. Ne2 g5 11. Bg3 Be6 12. Bxe6 Qxe6 13. f3 O-O-O 14. b3 g4 15.
Qd2 gxf3 16. gxf3 Nd4 17. Nxd4 cxd4 18. O-O-O Nh5 19. Kb2 Rdg8 20. f4 f6 21.
fxe5 Nxg3 22. hxg3 fxe5 23. Rh5 Rxg3 24. Rdh1 b6 25. Qh2 Rhg8 26. Rxh6 Qe7 27.
Rh8 Kb7 28. Qh7 R8g7 29. Qf5 Rg8 30. b4 R3g5 31. R8h7 Qd6 32. Qd7 R8g6 33. Qxd6
Rxd6 34. R7h5 Rxh5 35. Rxh5 Re6 36. Rh8 b5 37. Rd8 Kb6 38. Kb3 Kb7 39. a4 bxa4+
40. Kxa4 Kb6 41. Rd5 Re8 42. Kb3 Re6 43. Rd8 Kc6 44. Kc4 Re7 45. Ra8 Kb7 46. Rf8
Re6 47. Kd5 Rb6 48. Kxe5 Rxb4 49. Kd5 Rb2 50. Rf2 Kc8 51. Kxd4 Kd7 52. Kc3 Rb1
53. Rf6 c6 54. Rf7+ Kd6 55. Ra7 Ra1 56. d4 c5 57. e5+ Ke6 58. dxc5 Kxe5 59. Rd7
Ke6 60. Rd3 Rb1 61. Kc4 Rb2 62. c3 Rb8 63. c6 a5 64. Kc5 a4 65. c7 Rc8 66. Kc6
a3 67. Re3+ Kf7 68. c4 1-0

[Event "ch-CHN w 2012"]
[Site "Xinghua CHN"]
[Date "2012.04.06"]
[Round "10"]
[White "Gu, Xiaobing"]
[Black "Ding, Yixin"]
[Result "1/2-1/2"]
[WhiteTitle "WGM"]
[BlackTitle "WGM"]
[WhiteElo "2257"]
[BlackElo "2350"]
[WhiteFideId "8602611"]
[BlackFideId "8602972"]
[EventDate "2012.03.27"]

1. e4 d6 2. f4 g6 3. d4 Bg7 4. Nf3 Nf6 5. Nc3 c5 6. Bb5+ Bd7 7. Bxd7+ Nbxd7 8.
d5 O-O 9. Qe2 a6 10. a4 e6 11. dxe6 fxe6 12. O-O Qe7 13. Rd1 Rae8 14. Qd3 e5 15.
f5 gxf5 16. Bg5 fxe4 17. Nxe4 d5 18. Nxf6+ Nxf6 19. Bxf6 Qxf6 20. Qxd5+ Kh8 21.
Qe4 Qf4 22. Re1 Qxe4 23. Rxe4 Rf4 24. Rae1 Rxe4 25. Rxe4 Kg8 26. a5 Kf7 27. Kf1
Ke6 28. Ke2 Bf6 29. g4 Kd5 30. Ke3 Bd8 31. g5 Bxa5 32. c4+ Kd6 33. Rh4 e4 34.
Rxe4 Rxe4+ 35. Kxe4 Ke6 36. h4 b5 37. Ne5 bxc4 38. Nxc4 Bd8 39. b3 Be7 40. Ne5
Bd8 41. Nd3 Be7 42. Nf4+ Kd6 43. Kf5 c4 44. bxc4 Kc5 45. Nd5 a5 46. Nxe7 a4 47.
h5 a3 48. g6 hxg6+ 49. hxg6 a2 50. g7 a1=Q 51. g8=Q Qf1+ 52. Ke5 Qe1+ 53. Kf6
Qh4+ 54. Kf5 Qxe7 55. Qd5+ Kb6 56. Qb5+ Kc7 57. Qa5+ Kb7 58. Qd5+ Kc7 59. Qa5+
Kb7 60. c5 Qf7+ 61. Ke4 Qe6+ 62. Kd4 Qg4+ 63. Kc3 Qf3+ 64. Kb4 Qe4+ 65. Ka3 Qd3+ 1/2-1/2

[Event "ch-CHN w 2012"]
[Site "Xinghua CHN"]
[Date "2012.04.06"]
[Round "10"]
[White "Zhang, Xiaowen"]
[Black "Tan, Zhongyi"]
[Result "1/2-1/2"]
[WhiteTitle "WGM"]
[BlackTitle "WGM"]
[WhiteElo "2354"]
[BlackElo "2438"]
[WhiteFideId "8603219"]
[BlackFideId "8603642"]
[EventDate "2012.03.27"]

1. e4 c5 2. Nf3 d6 3. d4 cxd4 4. Nxd4 Nf6 5. Nc3 g6 6. g3 Nc6 7. Nde2 Bg7 8. Bg2
O-O 9. O-O Bd7 10. a4 Rc8 11. h3 h5 12. Be3 Qa5 13. Nd5 Rfe8 14. c3 Qa6 15. Re1
Nxd5 16. exd5 Ne5 17. Nf4 b6 18. Bd4 Bf5 19. Re3 Nc4 20. Re2 Ne5 21. Re3 Nc4 22.
Re2 Ne5 1/2-1/2

[Event "ch-CHN w 2012"]
[Site "Xinghua CHN"]
[Date "2012.04.07"]
[Round "11"]
[White "Tan, Zhongyi"]
[Black "Wang, Yu A."]
[Result "1/2-1/2"]
[WhiteTitle "WGM"]
[BlackTitle "IM"]
[WhiteElo "2438"]
[BlackElo "2372"]
[WhiteFideId "8603642"]
[BlackFideId "8601097"]
[EventDate "2012.03.27"]

1. d4 d5 2. Nf3 Nf6 3. c4 c6 4. Nc3 dxc4 5. a4 e6 6. e3 c5 7. Bxc4 Nc6 8. O-O
Be7 9. Qe2 cxd4 10. exd4 O-O 11. Rd1 Nd5 12. Ne4 Na5 13. Ba2 Nb4 14. Bb1 Nb3 15.
Ra3 Nxc1 16. Rxc1 Bd7 17. Ne5 f5 18. Nc5 Bc8 19. Nf3 Qd6 20. a5 Rb8 21. Re1 Nd5
22. Ba2 b6 23. axb6 axb6 24. Nd3 Bf6 25. Ra7 Re8 26. Nde5 Rb7 27. Ra8 Rbe7 28.
Bc4 Bb7 29. Rxe8+ Rxe8 30. Bb5 Re7 31. h3 Nf4 32. Qe3 Nd5 33. Qb3 Qb4 34. Qxb4
Nxb4 35. Rc1 Nd5 36. Bd7 g5 37. Bc8 Kg7 38. Bxb7 Rxb7 39. Rc6 Re7 40. Nc4 Rc7
41. Rxc7+ Nxc7 42. Nxb6 Nb5 43. d5 g4 44. hxg4 fxg4 45. Nh2 Bd4 46. Nc4 g3 47.
Ng4 gxf2+ 48. Kf1 exd5 49. Nce3 Bxb2 1/2-1/2

[Event "ch-CHN w 2012"]
[Site "Xinghua CHN"]
[Date "2012.04.07"]
[Round "11"]
[White "Nie, Xin"]
[Black "Zhang, Xiaowen"]
[Result "0-1"]
[BlackTitle "WGM"]
[WhiteElo "2053"]
[BlackElo "2354"]
[WhiteFideId "8605610"]
[BlackFideId "8603219"]
[EventDate "2012.03.27"]

1. d4 Nf6 2. c4 g6 3. Nc3 Bg7 4. e4 d6 5. f3 O-O 6. Nge2 c6 7. Bg5 a6 8. Qd2 b5
9. Ng3 Nbd7 10. Be2 bxc4 11. Bxc4 d5 12. Be2 e5 13. dxe5 Nxe5 14. f4 Nc4 15.
Bxc4 dxc4 16. Qxd8 Rxd8 17. e5 Re8 18. O-O-O Nd5 19. Nxd5 cxd5 20. Rxd5 Bb7 21.
Rd4 Rac8 22. Ne4 Bxe4 23. Rxe4 f6 24. Bh4 fxe5 25. Rhe1 c3 26. bxc3 Rxc3+ 27.
Kb2 Rc5 28. fxe5 Rexe5 29. Kb3 Rc3+ 30. Ka4 Bf8 31. Rb4 Bxb4 32. Kxb4 Rxe1 33.
Bxe1 Rc2 34. a4 Rxg2 35. Bg3 h5 36. Bc7 Kf7 37. Kc5 Ra2 38. a5 Rb2 39. Kc6 g5
40. Bb6 Ke6 41. Kb7 Kd7 42. Kxa6 Kc6 43. h3 Rb3 44. Bd4 Rxh3 45. Ka7 Ra3 46. Bb6
h4 0-1

[Event "ch-CHN w 2012"]
[Site "Xinghua CHN"]
[Date "2012.04.07"]
[Round "11"]
[White "Huang, Qian"]
[Black "Wang, Xiaohui"]
[Result "1/2-1/2"]
[WhiteTitle "WGM"]
[BlackTitle "WIM"]
[WhiteElo "2399"]
[BlackElo "2209"]
[WhiteFideId "8602689"]
[BlackFideId "8603073"]
[EventDate "2012.03.27"]

1. d4 Nf6 2. Nf3 d5 3. c4 c6 4. cxd5 cxd5 5. Nc3 Nc6 6. Bf4 Bf5 7. e3 e6 8. Qb3
Bb4 9. Bb5 O-O 10. Bxc6 Bxc3+ 11. Qxc3 Rc8 12. O-O Rxc6 13. Qa3 Ra6 14. Qb3 Rb6
15. Qa3 Ra6 16. Qb3 Rb6 17. Qa3 1/2-1/2

[Event "ch-CHN w 2012"]
[Site "Xinghua CHN"]
[Date "2012.04.07"]
[Round "11"]
[White "Ding, Yixin"]
[Black "Wang, Jue"]
[Result "1-0"]
[WhiteTitle "WGM"]
[WhiteElo "2350"]
[BlackElo "2366"]
[WhiteFideId "8602972"]
[BlackFideId "8604070"]
[EventDate "2012.03.27"]

1. e4 c5 2. Nf3 e6 3. d4 cxd4 4. Nxd4 Nf6 5. Bd3 Nc6 6. Nxc6 bxc6 7. O-O d5 8.
Nd2 Qc7 9. Qe2 Bd6 10. h3 O-O 11. b3 e5 12. Bb2 Be6 13. Rae1 dxe4 14. Nxe4 Nxe4
15. Qxe4 f5 16. Qe3 e4 17. f3 Bf4 18. Qe2 Bg3 19. Rd1 Bd5 20. Bc4 Qf7 21. fxe4
Bxc4 22. bxc4 Rae8 23. Ba3 f4 24. Bxf8 Qxf8 25. Rd7 Qc5+ 26. Kh1 h5 27. Rb1 Bh4
28. Qf3 Qe5 29. c5 Kh7 30. a4 a5 31. Rd6 Rc8 32. Rf1 Bg3 33. Qd3 Re8 34. Rxc6
Qxe4 35. Ra6 g6 36. Qxe4 Rxe4 37. Rxa5 Rc4 38. Ra1 Bf2 39. Rb5 Bd4 40. Ra2 Rc3
41. a5 f3 42. gxf3 Rxf3 43. Rb1 h4 44. c3 Bxc5 45. a6 Rxh3+ 46. Rh2 Rxc3 47.
Rxh4+ Kg8 48. Ra4 Kf7 49. Rb7+ Kf6 50. Rc7 Rc1+ 51. Kg2 Rg1+ 52. Kh2 Be3 53. a7
Bxa7 54. Rcxa7 Rf1 55. Kg2 Rc1 56. R4a6+ Kf5 57. Rf7+ Kg5 58. Rg7 Rc2+ 59. Kf3
Rc3+ 60. Ke4 Rc4+ 61. Kd5 Rc1 62. Rgxg6+ Kf4 63. Raf6+ 1-0

[Event "ch-CHN w 2012"]
[Site "Xinghua CHN"]
[Date "2012.04.07"]
[Round "11"]
[White "Wang, Doudou"]
[Black "Guo, Qi"]
[Result "0-1"]
[BlackTitle "WGM"]
[WhiteElo "2186"]
[BlackElo "2351"]
[WhiteFideId "8603197"]
[BlackFideId "8604002"]
[EventDate "2012.03.27"]

1. d4 d5 2. Nf3 Nf6 3. c4 e6 4. e3 c5 5. Nc3 a6 6. cxd5 exd5 7. Be2 Nc6 8. O-O
Bd6 9. b3 O-O 10. Bb2 cxd4 11. Nxd4 Bc7 12. Nxc6 bxc6 13. Bf3 Qd6 14. g3 Bh3 15.
Re1 Rfe8 16. Rc1 Ba5 17. Qd4 c5 18. Qa4 Bb4 19. Red1 d4 20. exd4 cxd4 21. Ne4
Rxe4 22. Bxd4 Rxd4 23. Rxd4 Qxd4 24. Bxa8 a5 25. Qb5 g6 26. Qc4 Qb2 27. Qc2 Qe5
28. Qc7 Qh5 29. Bg2 Be6 30. Qd8+ Kg7 31. Qd4 Qe2 32. h4 Qxa2 33. h5 Qd2 34. Qxd2
Bxd2 35. Rc2 Bb4 36. hxg6 hxg6 37. Rb2 Nd7 38. Bf1 Kf6 39. Kg2 Ke5 40. Rb1 Kd4
41. Rd1+ Kc3 42. Rd3+ Kb2 43. g4 Bxg4 44. Kg3 Be6 45. Bh3 Nc5 46. Bxe6 Nxd3 47.
Bxf7 g5 48. Bc4 Nc1 49. Kg4 Bd2 0-1